00574nam a22001937a 450000500170000001000110001702000100002803500110003803700160004904000120006508200130007710000160009024501430010626000620024930000210031165000120033265000180034470000180036220170124110113.0 a010479 c00.00 a010479 bCen Lib/Ret aDPLbEN a900bSHA aShaw, Roger aOne hundred and seventy-five battles by land, sea, and air :cby Roger Shaw ; edited by S C Vestalbfrom Marathon to the Marne and after / aHarrisburgbThe Military Service Publishing Companyc1937 a268p. c22cm(Hb) aBattles aNaval battles a Vestal, S. C